000 00321nam a22001337a 4500
008 210308b ||||| |||| 00| 0 eng d
020 _a0136697399
041 _aeng
080 _25
_a91
100 _a91
101 _aGJEO
245 _aPHYSICAL GEOLOGY
_cL.DON LEET SHELDON JUDSON, MARVIN E. KAUFFMAN
942 _2udc
_cBK
999 _c55995
_d55995